000 01020cam a22001694a 4500
005 20250605164348.0
008 250528s ||||||||||||||||||||||||d
035 _a23968
040 _aGR-AtMCL
_bgre
_dGR-AtMCL
_eAACR2
245 1 _aDavid Ogilvy Said: Change is Our Lifeblood. It's the Rule we Follow and Change. Ogilvy / We Make Brands Matter
260 _c2018
520 _aΑνάπτυξη με 'Κινητήρα' την Τεχνολογία, Η Πλοκή Γίνεται Όλο και πιο Ενδιαφέρουσα..., Εντατική Επικοινωνία και Συνοδεία Καινοτόμων Λανσαρισμάτων, Την Πελατοκεντρική τους Κουλτούρα Ανέδειξαν 88 Εταιρείες, Η Ανάπτυξη Συνεχίζεται με Δυναμική Είσοδο του B2B, Τα Όρια είναι Συχνά μια Ψευδαίσθηση.
700 1 _aΜπούσιας Μιχάλης Κ
_99357
942 _cCR
999 _c8879
_d8879